000 00481nam a2200169Ia 4500
003 IN-BaIIA
008 211028s9999 xx 000 0 eng d
040 _cIIA Library
080 _a550.38
_bOLS
100 _aOlsen, J.
_949
245 0 _aResults of magnetic observations made at magallenes (Chile) Jan-Aug 1933
_cOlsen J.
260 _aCopenhagen
_bTricot Harsholm Bogtrykkeri
_c1951
300 _a16p.
650 _aGeomagnetic Field
_950
650 _aGeomagnetism
_951
942 _cBK
999 _c62
_d62